000 01059nam0a22002771 4500
001 rc\2728174
005 20260407070638.0
035 _a(NLR Aleph) 006855597
090 _a6793451
_c6793451
100 _a20110915d1943 u y0rusy50 ca
101 0 _arus
102 _aRU
105 _aa j |||||
200 1 _aАрифметика
_eУчебник для 5-го класса неполной средней и средней школы
_fА. П. Киселев
_gПерер. проф. А. Я. Хинчина
205 _a5-е изд.
210 _aМосква
_cУчпедгиз
_d1943
215 _a150, [2] с.
_cтабл.
_d20 см.
700 1 _8rus
_7ca
_aКиселев
_bА. П.
_cпедагог, математик
_f1852-1940
_gАндрей Петрович
_3RU\NLR\AUTH\770166867
_9166820
702 1 _aХинчин
_bА.Я.
_4570
801 0 _aRU
_bNLR
_gpsbo
801 1 _aRU
_bELAR
_2rusmarc
852 _aNLR
_jМт02 Г-3/14
942 _cBOOK
945 _aРоссийская национальная библиотека
980 _aNB
980 _aBV